Libro de los árboles
Guardat en:
| Autor principal: | |
|---|---|
| Format: | Llibre |
| Idioma: | espanyol grec |
| Publicat: |
Madrid
Gredos
2004
|
| Col·lecció: | Biblioteca Clásica Gredos, 329
|
| Matèries: | |
| Etiquetes: |
Afegir etiqueta
Sense etiquetes, Sigues el primer a etiquetar aquest registre!
|
MARC
| LEADER | 00000nam a2200000 a 4500 | ||
|---|---|---|---|
| 001 | UCJ0021 | ||
| 003 | CL-VaPUC | ||
| 008 | 060623e20040000SP |||||||||||||||||spa|d | ||
| 020 | |a 8424927389v.1 | ||
| 041 | 0 | 7 | |a spa |2 CL-VaPUC |
| 041 | 0 | 7 | |a gre |2 CL-VaPUC |
| 082 | 0 | 4 | |a 878 |b COL |2 21 |
| 100 | 0 | |a Columela |e author |9 500042 | |
| 245 | 1 | 0 | |a Libro de los árboles |
| 246 | 1 | 0 | |a La labranza |
| 300 | |a v | ||
| 942 | |c BK | ||
| 945 | |d 20060623 00:00:00 |a jtorresc | ||
| 260 | |a Madrid |b Gredos |c 2004 | ||
| 500 | |a v.1: Libros I-V | ||
| 650 | 0 | |a Literatura latina |9 258055 | |
| 650 | 0 | |a Agricultura |9 255598 | |
| 583 | |a last modification |c 20130305 12:37:45 |k Rodrigo Vera | ||
| 490 | 0 | |a Biblioteca Clásica Gredos, 329 | |
| 999 | |c 317012 |d 317010 | ||
| 952 | |0 0 |1 0 |4 0 |6 878_000000000000000_COL_2004 |7 0 |8 X |9 392677 |a BIBHIS |b BIBHIS |d 2019-11-22 |h v.1 |i 423507K |o 878 COL 2004 |p 423507K |r 2024-01-30 |w 2019-11-22 |y BK_X |k HIS | ||